000 00323nab a22001097u 4500
008 130520b1981 xxu||||| |||| 00| 0 spa d
041 _aspa
100 1 _aFleet, M.
_967183
245 0 0 _aTendencias neoconservadoras en Latinoamérica
_cM. Fleet
773 0 _tConcilium
_gV.1,1981,págs.104-115
_x0210-1041
_wRev134
942 _cAR
999 _c354695
_d354695